[Event "DVM U16 2018"]
[Site "Aurich GER"]
[Date "2018.12.28"]
[Round "4"]
[White "Reimer, Philip"]
[Black "Trinh, Fabian Dat"]
[Result "1/2-1/2"]
[Termination "normal"]
[Board "5.3"]
[WhiteElo "1666"]
[BlackElo "1751"]
[WhiteTeam "SK Lehrte"]
[BlackTeam "SV Hemer"]
[PlyCount "70"]
[WhiteFideId "16235860"]
[BlackFideId "16243641"]
[EventCountry "GER"]
[EventRounds "7"]
[EventType "team-swiss"]
[EventDate "2018.12.26"]

1. e4 e5 2. Nf3 Nc6 3. Bc4 Bc5 4. b4 Bxb4 5. c3 Be7 6. d4 Na5 7. Nxe5 Nxc4 8.
Nxc4 d5 9. exd5 Qxd5 10. Ne3 Qd8 11. O-O Nf6 12. Ba3 O-O 13. Bxe7 Qxe7 14. Nd2
Rd8 15. Nb3 Be6 16. c4 b6 17. Qf3 c5 18. d5 Bd7 19. Rfe1 Qe4 20. Qe2 Ne8 21.
Nd2 Qg6 22. Nf3 Bg4 23. Nxg4 Qxg4 24. Qc2 Nd6 25. Ne5 Qf5 26. Qxf5 Nxf5 27. Nc6
Re8 28. Kf1 Nd6 29. Rac1 Kf8 30. f3 f6 31. g4 g5 32. Rc2 Kf7 33. Rxe8 Rxe8 34.
Nxa7 Ra8 35. Nc6 Ra4 1/2-1/2

[Event "DVM U16 2018"]
[Site "Aurich GER"]
[Date "2018.12.28"]
[Round "4"]
[White "Naumenko, Valerija"]
[Black "Dornieden, Jonas"]
[Result "1/2-1/2"]
[Termination "normal"]
[Board "5.4"]
[WhiteElo "1619"]
[BlackElo "1729"]
[WhiteTeam "SV Hemer"]
[BlackTeam "SK Lehrte"]
[PlyCount "76"]
[WhiteFideId "16222890"]
[BlackFideId "1336460"]
[EventCountry "GER"]
[EventRounds "7"]
[EventType "team-swiss"]
[EventDate "2018.12.26"]

1. e4 c6 2. Nc3 d5 3. Qe2 d4 4. Nd1 e5 5. g3 c5 6. d3 Bd6 7. f4 Nc6 8. Nf3 Qc7
9. f5 Bd7 10. Bg2 O-O-O 11. a3 Kb8 12. Nf2 Rc8 13. Ng5 Be8 14. g4 f6 15. Ne6
Qe7 16. g5 Bd7 17. gxf6 gxf6 18. Bd2 Bxe6 19. fxe6 Nd8 20. Bh3 Nxe6 21. O-O-O
c4 22. Bxe6 Qxe6 23. dxc4 Qxc4 24. Qxc4 Rxc4 25. Rhg1 Ne7 26. Kb1 Rc7 27. Ng4
f5 28. exf5 Nxf5 29. Rgf1 Rf8 30. Rde1 Ne3 31. Nxe3 $11 dxe3 32. Rxf8+ Bxf8 33.
Bxe3 Bg7 34. Rd1 b6 35. c3 Re7 36. Kc2 Kc7 37. c4 a6 38. a4 Rf7 1/2-1/2

[Event "DVM U16 2018"]
[Site "Aurich GER"]
[Date "2018.12.28"]
[Round "4"]
[White "Kuznecovs, Nikita"]
[Black "Garbuz, Vitaliy"]
[Result "1-0"]
[Termination "normal"]
[Board "6.1"]
[WhiteElo "2256"]
[BlackElo "2119"]
[WhiteTeam "SG Blau-Weiß Stadtilm"]
[BlackTeam "SF Brackel"]
[PlyCount "67"]
[WhiteFideId "11604557"]
[BlackFideId "12990710"]
[EventCountry "GER"]
[EventRounds "7"]
[EventType "team-swiss"]
[EventDate "2018.12.26"]

1. Nf3 d5 2. c4 e6 3. e3 Nf6 4. b3 Be7 5. Bb2 O-O 6. Be2 b6 7. Qc2 Bb7 8. Nc3
c5 9. cxd5 Nxd5 10. O-O Nbd7 11. Rac1 N7f6 12. d3 Rc8 13. a3 Qc7 14. Rfe1 Qb8
15. Nxd5 Nxd5 16. e4 Nf4 17. Bf1 Rfd8 18. g3 Ng6 19. h4 Bd6 20. Qc3 f6 21. Bh3
Re8 22. Qc4 Kf7 23. Qc2 Ne5 24. Nd2 Ba6 25. Re3 Rcd8 26. f4 Nxd3 27. e5 Nxc1
28. Qxc1 fxe5 29. fxe5 Bc7 30. Ne4 h6 31. Qc2 Rd5 32. Nf6 Bxe5 33. Nxe8 Bd4 34.
Bxe6  1-0

[Event "DVM U16 2018"]
[Site "Aurich GER"]
[Date "2018.12.28"]
[Round "4"]
[White "Kartsev, Nikolay"]
[Black "Wolf, Philipp"]
[Result "1/2-1/2"]
[Termination "normal"]
[Board "6.2"]
[WhiteElo "2055"]
[BlackElo "1913"]
[WhiteTeam "SF Brackel"]
[BlackTeam "SG Blau-Weiß Stadtilm"]
[PlyCount "116"]
[WhiteFideId "12939536"]
[BlackFideId "12958948"]
[EventCountry "GER"]
[EventRounds "7"]
[EventType "team-swiss"]
[EventDate "2018.12.26"]

1. e4 c5 2. c3 Nf6 3. e5 Nd5 4. d4 cxd4 5. cxd4 e6 6. Nf3 b6 7. Nc3 Nxc3 8.
bxc3 Qc7 9. Bd2 Bb7 10. Bd3 d6 11. O-O Nd7 12. Qe2 dxe5 13. Nxe5 Nxe5 14. dxe5
Bc5 15. Bg5 O-O 16. Kh1 Be7 17. Bf6 Bxf6 18. exf6 Qxc3 19. fxg7 Qxg7 20. f3
Rac8 21. Rab1 Rfd8 22. Rfd1 Bd5 23. Rb4 h5 24. Ba6 Rc5 25. Rbd4 Qf6 26. R4d2
Rd7 27. h3 Rdc7 28. Bd3 Rc1 29. Be4 Rxd1 30. Rxd1 Bxe4 31. Qxe4 Qg5 32. f4 Qe7
33. Qe5 Rc5 34. Qb8 Kg7 35. Rd8 Qc7 36. Qxc7 Rxc7 37. Rd2 Kf6 38. g4 hxg4 39.
hxg4 Rc4 40. Rf2 b5 41. Kg2 Rc3 42. Re2 b4 43. Rb2 a5 44. Re2 Ra3 45. Kf2 a4
46. Rb2 b3 47. axb3 Rxb3 48. Rc2 Rb4 49. Kg3 a3 50. Ra2 Ra4 51. Kh4 Rxf4 52.
Rxa3 Kg6 53. Kg3 Rb4 54. Ra5 f6 55. Ra6 e5 56. Ra8 Rb3 57. Kh4 e4 58. Re8 Kf7
1/2-1/2

[Event "DVM U16 2018"]
[Site "Aurich GER"]
[Date "2018.12.28"]
[Round "4"]
[White "Creß, Bastian"]
[Black "Kracht, Raphael"]
[Result "0-1"]
[Termination "normal"]
[Board "6.3"]
[WhiteElo "1705"]
[BlackElo "2047"]
[WhiteTeam "SG Blau-Weiß Stadtilm"]
[BlackTeam "SF Brackel"]
[PlyCount "37"]
[WhiteFideId "16208846"]
[BlackFideId "16214382"]
[EventCountry "GER"]
[EventRounds "7"]
[EventType "team-swiss"]
[EventDate "2018.12.26"]

1. e4 e5 2. Nf3 Nc6 3. d4 exd4 4. Bc4 Nf6 5. O-O Bc5 6. e5 d5 7. exf6 dxc4 8.
Qe2 Be6 9. fxg7 Rg8 10. Ng5 Qd5 11. Nxh7 Qf5 12. Ng5 Rxg7 13. Nxe6 fxe6 14.
Qxc4 Qg4 15. g3 Ne5 16. Qb5 c6 17. f3 Nxf3 18. Rxf3 cxb5 19. Rf8  0-1

[Event "DVM U16 2018"]
[Site "Aurich GER"]
[Date "2018.12.28"]
[Round "4"]
[White "Seref, Erdogan"]
[Black "Rapp, Lukas"]
[Result "1-0"]
[Termination "normal"]
[Board "6.4"]
[WhiteElo "2015"]
[BlackElo "1719"]
[WhiteTeam "SF Brackel"]
[BlackTeam "SG Blau-Weiß Stadtilm"]
[PlyCount "69"]
[WhiteFideId "16206827"]
[BlackFideId "12989320"]
[EventCountry "GER"]
[EventRounds "7"]
[EventType "team-swiss"]
[EventDate "2018.12.26"]

1. e4 e5 2. Nf3 Nc6 3. Bb5 a6 4. Ba4 Bc5 5. O-O Nge7 6. c3 b5 7. Bb3 d6 8. d4
exd4 9. cxd4 Bb6 10. Ng5 O-O 11. Qh5 h6 12. Nxf7 Rxf7 13. Qxf7+ Kh8 14. Bg5
Bxd4 15. Nc3 Bxc3 16. bxc3 Bd7 17. Bd5 Qf8 18. Qxf8+ Rxf8 19. Bxe7 Nxe7 20. f3
Ng6 21. Rad1 Nf4 22. Rfe1 Re8 23. g3 Nh3+ 24. Kg2 Ng5 25. f4 Bh3+ 26. Kf2 Rf8
27. Ke3 Nf7 28. Bb7 Bc8 29. Bxc8 Rxc8 30. Kd4 c5+ 31. Kd5 Rd8 32. e5 dxe5+ 33.
Ke6 Rxd1 34. Rxd1 Kg8 35. fxe5 1-0

[Event "DVM U16 2018"]
[Site "Aurich GER"]
[Date "2018.12.28"]
[Round "4"]
[White "Zyla, Lennert"]
[Black "Schneider, Jana"]
[Result "0-1"]
[Termination "normal"]
[Board "7.1"]
[BlackTitle "FM"]
[WhiteElo "1829"]
[BlackElo "2213"]
[WhiteTeam "SG Porz"]
[BlackTeam "Spvgg 1946 Stetten"]
[PlyCount "56"]
[WhiteFideId "12981567"]
[BlackFideId "12924997"]
[EventCountry "GER"]
[EventRounds "7"]
[EventType "team-swiss"]
[EventDate "2018.12.26"]

1. e4 e6 2. d4 d5 3. Nd2 c5 4. c3 cxd4 5. cxd4 dxe4 6. Nxe4 Bb4+ 7. Nc3 Nf6 8.
Nf3 O-O 9. Bd3 b6 10. O-O Bb7 11. Bf4 Nd5 12. Bd2 Nc6 13. Rc1 Rc8 14. Re1 Nf6
15. a3 Be7 16. Be3 Nd5 17. Nxd5 Qxd5 18. Qa4 Rfd8 19. Ba6 Qd7 20. Bxb7 Qxb7 21.
Ne5 b5 22. Qb3 Nxd4 23. Bxd4 Rxc1 24. Rxc1 Rxd4 25. Nc6 Rd7 26. a4 Bg5 27. Rc3
bxa4 28. Qxa4 Qxb2 0-1

[Event "DVM U16 2018"]
[Site "Aurich GER"]
[Date "2018.12.28"]
[Round "4"]
[White "Roth, Jakob"]
[Black "Gallasch, Robin"]
[Result "1-0"]
[Termination "normal"]
[Board "7.2"]
[WhiteElo "1883"]
[BlackElo "1902"]
[WhiteTeam "Spvgg 1946 Stetten"]
[BlackTeam "SG Porz"]
[PlyCount "83"]
[WhiteFideId "12952605"]
[BlackFideId "16222423"]
[EventCountry "GER"]
[EventRounds "7"]
[EventType "team-swiss"]
[EventDate "2018.12.26"]

1. d4 Nf6 2. c4 e6 3. Nc3 Bb4 4. e3 O-O 5. Bd3 d5 6. Nf3 b6 7. cxd5 exd5 8. O-O
Bb7 9. Qc2 Nbd7 10. a3 Be7 11. Ne5 c5 12. f4 Rc8 13. Nxd7 Qxd7 14. Bf5 Qc6 15.
Bxc8 Rxc8 16. Qe2 Ne4 17. Nxe4 dxe4 18. Bd2 Qa4 19. dxc5 bxc5 20. Bc3 Qa6 21.
Qg4 Bf6 22. Bxf6 Qxf6 23. Rfd1 Rf8 24. Rd2 Ba6 25. Rc1 Bd3 26. Rxc5 Qb6 27. Qf5
g6 28. Qe5 f6 29. Qc3 Kg7 30. Kf2 Qe6 31. h3 Rf7 32. b4 h5 33. a4 Kh6 34. Rc6
Qd7 35. Rxf6 Rxf6 36. Qxf6 Qc8 37. f5 Qxf5 38. Qxf5 gxf5 39. Kg3 Kg5 40. h4 Kf6
41. Kf4 a6 42. Rb2  1-0

[Event "DVM U16 2018"]
[Site "Aurich GER"]
[Date "2018.12.28"]
[Round "4"]
[White "Sewald, Richard"]
[Black "Steiner, Luca"]
[Result "1-0"]
[Termination "normal"]
[Board "7.3"]
[WhiteElo "1687"]
[BlackElo "1365"]
[WhiteTeam "SG Porz"]
[BlackTeam "Spvgg 1946 Stetten"]
[PlyCount "109"]
[WhiteFideId "12983586"]
[BlackFideId "16205316"]
[EventCountry "GER"]
[EventRounds "7"]
[EventType "team-swiss"]
[EventDate "2018.12.26"]

1. Nf3 Nf6 2. g3 g6 3. Bg2 Bg7 4. d3 d6 5. c3 O-O 6. O-O e5 7. e4 Nc6 8. h3 h6
9. Be3 Ne8 10. d4 f5 11. dxe5 dxe5 12. Qxd8 Nxd8 13. exf5 Bxf5 14. Nh4 g5 15.
Nxf5 Rxf5 16. Be4 Rf8 17. Bc5 Nd6 18. Bxd6 cxd6 19. Bd5 Kh8 20. Nd2 Nc6 21. Ne4
Rfd8 22. Rad1 Bf8 23. Rd3 Ne7 24. Rfd1 Nxd5 25. Rxd5 Kg7 26. Nxd6 Bxd6 27. Rxd6
Rxd6 28. Rxd6 b6 29. Re6 Rd8 30. Rxe5 Rd2 31. Rb5 Kf6 32. Kf1 Rd1 33. Kg2 Rd3
34. a4 Rd6 35. a5 bxa5 36. Rxa5 a6 37. Rc5 Ke6 38. b4 Rd3 39. Rc6 Kd5 40. Rxa6
Rxc3 41. Rxh6 Rc4 42. Rh5 Rxb4 43. Rxg5 Ke6 44. h4 Kf6 45. Kh3 Rb2 46. f4 Rb3
47. Kg4 Rb2 48. h5 Rh2 49. Rb5 Kg7 50. Kg5 Rg2 51. Rb7 Kg8 52. g4 Kf8 53. Kf6
Kg8 54. g5 Rf2 55. Rb8  1-0

[Event "DVM U16 2018"]
[Site "Aurich GER"]
[Date "2018.12.28"]
[Round "4"]
[White "Steiner, Noah"]
[Black "Sporer, Benedikt"]
[Result "1-0"]
[Termination "normal"]
[Board "7.4"]
[WhiteElo "1407"]
[BlackElo "1306"]
[WhiteTeam "Spvgg 1946 Stetten"]
[BlackTeam "SG Porz"]
[PlyCount "114"]
[WhiteFideId "16260830"]
[BlackFideId "16274849"]
[EventCountry "GER"]
[EventRounds "7"]
[EventType "team-swiss"]
[EventDate "2018.12.26"]

1. e4 e5 2. Nf3 Nc6 3. d4 exd4 4. Nxd4 Nxd4 5. Qxd4 d6 6. Nc3 Qf6 7. Qd3 Qd8 8.
Be3 Nf6 9. h3 c6 10. f4 Nd7 11. O-O-O Nb6 12. g4 Be6 13. f5 Bc4 14. Qd2 Bxf1
15. Rhxf1 Nc4 16. Qe2 Ne5 17. Bf4 Qb6 18. Bxe5 dxe5 19. Qc4 Qe3 20. Rd2 Rd8 21.
Rfd1 Rxd2 22. Rxd2 Qxh3 23. Qb3 b5 24. a4 Qxg4 25. axb5 Qg1 26. Nd1 Qc5 27.
bxc6 Bd6 28. Qd5 Qxd5 29. Rxd5 Ke7 30. Nc3 Rc8 31. Ra5 Rxc6 32. Rxa7 Kf8 33.
Ra8 Ke7 34. Rh8 h6 35. Rh7 Kf8 36. Rh8 Ke7 37. Nd5 Kd7 38. Rg8 Be7 39. Rxg7 Bg5
40. Kb1 Ke8 41. Rg8 Kd7 42. Rf8 f6 43. Rf7 Ke8 44. Rb7 h5 45. b4 h4 46. b5 Rd6
47. c4 Rd7 48. Rb6 h3 49. Nxf6 Bxf6 50. Rxf6 Rh7 51. Ra6 h2 52. Ra8 Kf7 53. Ra7
Kg8 54. Ra8 Kg7 55. f6 Kxf6 56. Rf8 Ke7 57. Rf1 h1Q {Nach dem zweiten
regelwidrigem Zug der vollständig abgeschlossen wurde, wird die Partie für
Schwarz als verloren erklärt.} 1-0

[Event "DVM U16 2018"]
[Site "Aurich GER"]
[Date "2018.12.28"]
[Round "4"]
[White "Kopylov, Daniel"]
[Black "Waffenschmidt, Lars"]
[Result "1-0"]
[Termination "normal"]
[Board "8.1"]
[WhiteElo "2239"]
[BlackElo "1903"]
[WhiteTeam "TuRa Harksheide Norderstedt"]
[BlackTeam "SK Bebenhausen"]
[PlyCount "81"]
[WhiteFideId "12921971"]
[BlackFideId "16244656"]
[EventCountry "GER"]
[EventRounds "7"]
[EventType "team-swiss"]
[EventDate "2018.12.26"]

1. e4 e5 2. Nf3 Nc6 3. Nc3 Nf6 4. d4 exd4 5. Nxd4 Bb4 6. Nxc6 bxc6 7. Bd3 d5 8.
exd5 cxd5 9. O-O O-O 10. Bg5 c6 11. Na4 Rb8 12. c3 Bd6 13. Bc2 Ba6 14. Re1 Bc7
15. Bh4 Qd6 16. Bg3 Qd8 17. Nc5 Bxg3 18. hxg3 Bc8 19. b4 Bg4 20. Qd4 Qd6 21. a4
Bh5 22. a5 Nd7 23. Nxd7 Qxd7 24. Qh4 Bg6 25. Re7 Qd6 26. Bxg6 fxg6 27. Rae1 d4
28. Rxa7 dxc3 29. Qc4+ Qd5 30. Qxc3 Rf7 31. Rxf7 Kxf7 32. Re5 Qd6 33. Qc4+ Kf8
34. Re4 Rb5 35. Rf4+ Ke7 36. Qf7+ Kd8 37. Qg8+ Ke7 38. Qxg7+ Ke8 39. Qg8+ Ke7
40. Qf8+ Kd7 41. Rf7+ 1-0

[Event "DVM U16 2018"]
[Site "Aurich GER"]
[Date "2018.12.28"]
[Round "4"]
[White "Freiherr von Hauff, Christopher"]
[Black "Hovhannisyan, Artur"]
[Result "0-1"]
[Termination "normal"]
[Board "8.2"]
[WhiteElo "1802"]
[BlackElo "2104"]
[WhiteTeam "SK Bebenhausen"]
[BlackTeam "TuRa Harksheide Norderstedt"]
[PlyCount "76"]
[WhiteFideId "16200691"]
[BlackFideId "12986062"]
[EventCountry "GER"]
[EventRounds "7"]
[EventType "team-swiss"]
[EventDate "2018.12.26"]

1. e4 d5 2. exd5 Nf6 3. Bb5 Bd7 4. Bc4 Bg4 5. f3 Bf5 6. Nc3 Nbd7 7. d4 Nb6 8.
Bb3 Nbxd5 9. Nge2 e6 10. Ng3 Nxc3 11. bxc3 Bg6 12. O-O Be7 13. Qe2 O-O 14. f4
c5 15. Ba3 Qa5 16. Bb2 Rad8 17. Qf3 Qb6 18. Rab1 Rc8 19. Bc1 c4 20. Re1 cxb3
21. f5 Bxf5 22. Nxf5 exf5 23. Rxb3 Qd8 24. Rxb7 Rc7 25. Rb5 g6 26. Bf4 Bd6 27.
Bh6 Re8 28. Rf1 Bxh2 29. Kh1 Ng4 30. Qh3 Nxh6 31. Qxh6 Bd6 32. Rb3 Re4 33. Kg1
Rh4 34. Qe3 Re7 35. Qg5 Rh5 36. Qd2 Re4 37. Rfb1 Qh4 38. d5 Bc5 0-1

[Event "DVM U16 2018"]
[Site "Aurich GER"]
[Date "2018.12.28"]
[Round "4"]
[White "Khachatryan, Taron"]
[Black "Ortner, Jonas Ruben"]
[Result "1/2-1/2"]
[Termination "normal"]
[Board "8.3"]
[WhiteElo "1761"]
[BlackElo "1710"]
[WhiteTeam "TuRa Harksheide Norderstedt"]
[BlackTeam "SK Bebenhausen"]
[PlyCount "109"]
[WhiteFideId "16216598"]
[BlackFideId "16235118"]
[EventCountry "GER"]
[EventRounds "7"]
[EventType "team-swiss"]
[EventDate "2018.12.26"]

1. Nf3 c5 2. c4 Nc6 3. d4 cxd4 4. Nxd4 Nf6 5. Nc3 g6 6. e4 d6 7. Be2 Bg7 8. Be3
Nxd4 9. Bxd4 O-O 10. Rc1 Be6 11. O-O Qa5 12. Qd2 Nxe4 13. Qd3 Nxc3 14. Rxc3
Rfc8 15. Bxg7 Kxg7 16. Rfc1 Qc5 17. Bf3 Rc7 18. Bd5 Rac8 19. Bxe6 fxe6 20. Qe4
Qf5 21. Qd4 e5 22. Qd5 a6 23. h3 Qf7 24. Qe4 Rc5 25. Qxb7 a5 26. a3 R8c7 27.
Qe4 a4 28. Qc2 Rb7 29. Rf3 Qe6 30. Qxa4 Rxb2 31. Qa8 Rc8 32. Qe4 d5 33. Qe3 d4
34. Qe4 Rc5 35. Qa8 Qc8 36. Qe4 Qc6 37. Qh4 Qb7 38. Re1 Rb1 39. Rxb1 Qxb1 40.
Kh2 Qb7 41. Rb3 Qc7 42. Qe4 Rxc4 43. Rb7 Qd6 44. f4 Rc5 45. Rb3 Qd5 46. Qxe5
Qxe5 47. fxe5 Rxe5 48. Rd3 Rd5 49. Kg3 e5 50. Kf3 Kf6 51. Ke4 Ke6 52. Rb3 Ra5
53. Rb6 Kd7 54. Rb3 Kc6 55. Rf3  1/2-1/2

[Event "DVM U16 2018"]
[Site "Aurich GER"]
[Date "2018.12.28"]
[Round "4"]
[White "Giannakoglou, Alexandros"]
[Black "Guo, Philipp Ziming"]
[Result "0-1"]
[Termination "normal"]
[Board "8.4"]
[WhiteElo "1376"]
[BlackElo "1501"]
[WhiteTeam "SK Bebenhausen"]
[BlackTeam "TuRa Harksheide Norderstedt"]
[PlyCount "86"]
[WhiteFideId "4288580"]
[BlackFideId "16245199"]
[EventCountry "GER"]
[EventRounds "7"]
[EventType "team-swiss"]
[EventDate "2018.12.26"]

1. e4 c5 2. d4 cxd4 3. c3 dxc3 4. Nxc3 Nc6 5. Nf3 d6 6. h3 Nf6 7. Bc4 e6 8. Bb3
Be7 9. O-O O-O 10. Re1 a6 11. Qe2 Qc7 12. Bg5 h6 13. Bh4 b5 14. Rac1 Bb7 15.
Nd1 Rac8 16. Bg3 Nd4 17. Rxc7 Nxe2 18. Rxe2 Rxc7 19. Nc3 b4 20. e5 dxe5 21.
Bxe5 Rd7 22. Nd1 Nd5 23. Rd2 R7d8 24. Bxd5 Rxd5 25. Rxd5 Bxd5 26. b3 Bxf3 27.
gxf3 Rd8 28. Ne3 Rd2 29. Nc4 Rxa2 30. Bd6 Bxd6 31. Nxd6 Rb2 32. Nc4 Rxb3 33. h4
Rc3 34. Ne3 Rxe3 35. fxe3 b3 36. h5 b2 37. f4 b1Q 38. Kh2 Qd3 39. Kh3 Qxe3 40.
Kg4 f5 41. Kh4 Qg1 42. Kh3 Kh8 43. Kh4 Qg4 0-1

[Event "DVM U16 2018"]
[Site "Aurich GER"]
[Date "2018.12.28"]
[Round "4"]
[White "Jakob, Georg"]
[Black "Meier, Marlon"]
[Result "0-1"]
[Termination "normal"]
[Board "9.1"]
[WhiteElo "2015"]
[BlackElo "1935"]
[WhiteTeam "SG Königskinder Hohentübingen"]
[BlackTeam "SK Gernsbach"]
[PlyCount "60"]
[WhiteFideId "16224221"]
[BlackFideId "16238788"]
[EventCountry "GER"]
[EventRounds "7"]
[EventType "team-swiss"]
[EventDate "2018.12.26"]

1. e4 e5 2. Nf3 Nc6 3. Bb5 a6 4. Ba4 Nf6 5. O-O Be7 6. d3 d6 7. c3 O-O 8. Re1
b5 9. Bb3 Na5 10. Bc2 c5 11. Nbd2 Nc6 12. Nf1 Re8 13. Ne3 Bf8 14. h3 h6 15. Nh2
Be6 16. Nhg4 Nxg4 17. hxg4 Qf6 18. Nf5 d5 19. Qf3 dxe4 20. dxe4 Kh8 21. Qh3 Kg8
22. g3 Qg6 23. Kg2 f6 24. Be3 Rad8 25. f4 Bc4 26. Rad1 Rxd1 27. Rxd1 Be2 28.
Rd7 Bxg4 29. Qh1 exf4 30. Bxc5 Bxf5 0-1

[Event "DVM U16 2018"]
[Site "Aurich GER"]
[Date "2018.12.28"]
[Round "4"]
[White "Hurm, Yannik"]
[Black "Armbruster, Franz"]
[Result "1-0"]
[Termination "normal"]
[Board "9.3"]
[WhiteElo "1704"]
[BlackElo "1131"]
[WhiteTeam "SG Königskinder Hohentübingen"]
[BlackTeam "SK Gernsbach"]
[PlyCount "69"]
[WhiteFideId "16235169"]
[BlackFideId "16267354"]
[EventCountry "GER"]
[EventRounds "7"]
[EventType "team-swiss"]
[EventDate "2018.12.26"]

1. e4 e5 2. Nf3 Nc6 3. Bb5 Nf6 4. d3 d6 5. c3 a6 6. Ba4 Bd7 7. O-O Be7 8. Re1
O-O 9. Nbd2 Re8 10. Nf1 b5 11. Bc2 Bg4 12. h3 Bh5 13. Ng3 Bg6 14. Nh4 d5 15.
Qf3 d4 16. Ngf5 Bxf5 17. Nxf5 Bf8 18. Bg5 g6 19. Bxf6 Qxf6 20. Nxd4 Qxf3 21.
Nxf3 Bc5 22. b4 Ba7 23. Bb3 Nd8 24. a4 bxa4 25. Rxa4 Bb6 26. Rea1 Nb7 27. Bd5
Rab8 28. Rxa6 Nd6 29. c4 Bd4 30. Nxd4 exd4 31. c5 Nb5 32. Bc6 Re6 33. Ra8 Rxa8
34. Rxa8 Kg7 35. Bxb5  1-0

[Event "DVM U16 2018"]
[Site "Aurich GER"]
[Date "2018.12.28"]
[Round "4"]
[White "Koch, Christoph"]
[Black "Aptyka, Tim"]
[Result "0-1"]
[Termination "normal"]
[Board "9.4"]
[WhiteElo "1103"]
[BlackElo "1534"]
[WhiteTeam "SK Gernsbach"]
[BlackTeam "SG Königskinder Hohentübingen"]
[PlyCount "77"]
[WhiteFideId "16274865"]
[BlackFideId "16255860"]
[EventCountry "GER"]
[EventRounds "7"]
[EventType "team-swiss"]
[EventDate "2018.12.26"]

1. e4 c5 2. Nc3 a6 3. Nf3 e6 4. d4 cxd4 5. Nxd4 Qc7 6. a3 Nf6 7. Be3 Bc5 8. Bc4
b5 9. Bb3 Bb7 10. f3 Qb6 11. Qd2 O-O 12. O-O Nc6 13. Nce2 g6 14. Bf2 Ne7 15. c3
Kh8 16. Bh4 Neg8 17. Bf2 Nh5 18. Bc2 Qc7 19. Nb3 Bd6 20. g3 Rad8 21. Na5 Bxg3
22. Nxg3 Nxg3 23. Nxb7 Nxf1 24. Rxf1 Qxb7 25. Bh4 f6 26. Qd4 e5 27. Qd6 Qc6 28.
Qb4 d6 29. Bb3 Qc5 30. Qxc5 dxc5 31. a4 Rd3 32. Ba2 Rd2 33. Rb1 Ne7 34. axb5
axb5 35. Be6 Kg7 36. Bf2 c4 37. Be1 Rd3 38. Kg2 Nc6 39. Bd5 0-1

[Event "DVM U16 2018"]
[Site "Aurich GER"]
[Date "2018.12.28"]
[Round "4"]
[White "Dirks, Simon"]
[Black "Lieberwirth, Kasimir"]
[Result "0-1"]
[Termination "normal"]
[Board "10.1"]
[WhiteElo "1617"]
[BlackElo "2104"]
[WhiteTeam "SC Aurich"]
[BlackTeam "SG Turm Leipzig"]
[PlyCount "82"]
[WhiteFideId "16255666"]
[BlackFideId "12988146"]
[EventCountry "GER"]
[EventRounds "7"]
[EventType "team-swiss"]
[EventDate "2018.12.26"]

1. Nf3 Nf6 2. c4 g6 3. Nc3 d5 4. d4 Bg7 5. h4 c6 6. Bg5 Ne4 7. Bf4 Nxc3 8. bxc3
dxc4 9. e4 Qa5 10. Qd2 c5 11. e5 cxd4 12. Nxd4 Bxe5 13. Bxe5 Qxe5+ 14. Be2 Bg4
15. O-O-O Bxe2 16. Rhe1 O-O 17. Rxe2 Qf6 18. h5 Na6 19. Rh1 e6 20. Re4 Nc5 21.
Reh4 Nd3+ 22. Kc2 Qxf2 23. hxg6 Qxd2+ 24. Kxd2 hxg6 25. g4 Kg7 26. Rb1 b6 27.
Rh3 Rh8 28. Rxh8 Rxh8 29. a4 Rh2+ 30. Ke3 Ra2 31. Ne2 Rxa4 32. Nc1 Nxc1 33.
Rxc1 Kf6 34. Kf4 b5 35. g5+ Ke7 36. Rb1 a6 37. Ke5 Ra3 38. Kd4 Ra2 39. Kc5 Rg2
40. Kb6 Rxg5 41. Kxa6 Rd5 0-1

[Event "DVM U16 2018"]
[Site "Aurich GER"]
[Date "2018.12.28"]
[Round "4"]
[White "Weimert, Miriam"]
[Black "Abele, Anais"]
[Result "1-0"]
[Termination "normal"]
[Board "10.2"]
[WhiteElo "1792"]
[BlackElo "1700"]
[WhiteTeam "SG Turm Leipzig"]
[BlackTeam "SC Aurich"]
[PlyCount "73"]
[WhiteFideId "12966703"]
[BlackFideId "16208927"]
[EventCountry "GER"]
[EventRounds "7"]
[EventType "team-swiss"]
[EventDate "2018.12.26"]

1. e4 c5 2. Nc3 Nc6 3. f4 g6 4. Bc4 Bg7 5. Nf3 e6 6. O-O Nge7 7. d3 O-O 8. f5
d5 9. Bb3 dxe4 10. f6 Bxf6 11. Nxe4 Bg7 12. Qe1 b6 13. Bg5 f5 14. Nc3 Nd4 15.
Nxd4 Qxd4 16. Kh1 Nd5 17. Nxd5 exd5 18. c3 Qg4 19. Bxd5 Kh8 20. Bxa8 Qxg5 21.
Bf3 Ba6 22. Rd1 Qd8 23. Qd2 g5 24. Be2 g4 25. d4 Bxe2 26. Qxe2 cxd4 27. cxd4
Qd5 28. a3 Rd8 29. Qc2 Qe4 30. Qc7 Re8 31. Qd7 Rf8 32. Qxa7 Bxd4 33. Rfe1 Qf4
34. Re7 Qh6 35. Qd7 Bf2 36. Qc7 f4 37.   38. Rxh7  1-0

[Event "DVM U16 2018"]
[Site "Aurich GER"]
[Date "2018.12.28"]
[Round "4"]
[White "Rajendram, Reanosh"]
[Black "Ortlepp, Klaudia"]
[Result "1/2-1/2"]
[Termination "normal"]
[Board "10.3"]
[WhiteElo "1579"]
[BlackElo "1520"]
[WhiteTeam "SC Aurich"]
[BlackTeam "SG Turm Leipzig"]
[PlyCount "112"]
[WhiteFideId "12965162"]
[BlackFideId "16206045"]
[EventCountry "GER"]
[EventRounds "7"]
[EventType "team-swiss"]
[EventDate "2018.12.26"]

1. e4 e5 2. Nf3 Nc6 3. Bb5 f5 4. d3 fxe4 5. dxe4 Nf6 6. Bg5 Bc5 7. O-O d6 8.
Nc3 O-O 9. Nd5 Bg4 10. Nxf6 gxf6 11. Bh6 Re8 12. Bc4 Kh8 13. Ng5 fxg5 14. Qxg4
Qf6 15. Bxg5 Qg6 16. Qh4 Rf8 17. c3 Nd8 18. g3 Ne6 19. Be7 Rf7 20. a4 a5 21.
Bxe6 Qxe6 22. Bg5 Rf3 23. Qh6 Qf7 24. Be3 Rf6 25. Qh4 Rf8 26. Bxc5 dxc5 27. Qg5
Rxf2 28. Qxe5 Kg8 29. Qg5 Kh8 30. Qe5 Kg8 31. Qd5 Qxd5 32. exd5 Rxb2 33. Rxf8
Kxf8 34. Rf1 Ke7 35. Rf4 Rd2 36. Rh4 Rxd5 37. Rxh7 Kd6 38. Rh6 Ke5 39. Rh5 Ke6
40. Rxd5 Kxd5 41. h4 b5 42. c4 Kxc4 43. h5 b4 44. h6 b3 45. h7 b2 46. h8Q b1Q
47. Kg2 Qc2 48. Kf3 Qxa4 49. Qg8 Kd3 50. Qd5 Qd4 51. Qb3 Qc3 52. Qd5 Kc2 53.
Ke2 Qxg3 54. Qa2 Kc1 55. Qa1 Kc2 56. Qa2 Kc1 1/2-1/2

[Event "DVM U16 2018"]
[Site "Aurich GER"]
[Date "2018.12.28"]
[Round "4"]
[White "Lieberwirth, Nele"]
[Black "Goldbeck, Kilian"]
[Result "0-1"]
[Termination "normal"]
[Board "10.4"]
[WhiteElo "1328"]
[BlackElo "1523"]
[WhiteTeam "SG Turm Leipzig"]
[BlackTeam "SC Aurich"]
[PlyCount "86"]
[WhiteFideId "16259483"]
[BlackFideId "16255674"]
[EventCountry "GER"]
[EventRounds "7"]
[EventType "team-swiss"]
[EventDate "2018.12.26"]

1. d4 d5 2. c4 e6 3. Nc3 c6 4. a4 Bd6 5. Nf3 Nd7 6. c5 Bc7 7. g3 Ngf6 8. Bf4
Ba5 9. Bd2 O-O 10. e3 Bc7 11. Be2 e5 12. O-O e4 13. Nh4 Re8 14. b4 Nf8 15. f4
exf3 16. Bf3 g5 17. Ng2 Qd7 18. Be2 Kg7 19. Bh5 Ng6 20. Qf3 Bd8 21. Rae1 g4 22.
Bxg4 Qxg4 23. Qf2 Qh3 24. Nf4 Nxf4 25. Qxf4 Qh6 26. Qxh6 Kxh6 27. e4 Kg7 28. e5
Ng8 29. Rf3 Be6 30. Ne2 Bg4 31. R3f1 Bxe2 32. Rxe2 h6 33. Ref2 Rf8 34. e6 f6
35. Rf4 Re8 36. Re1 Bc7 37. Rg4 Kh7 38. Rh4 Re7 39. g4 Rae8 40. g5 fxg5 41.
Bxg5 Rg7 42. Rh5 Rxg5 43. Rxg5 hxg5 0-1